000 00286nam a2200121Ia 4500
005 20251222154418.0
008 251222s9999||||xx |||||||||||||| ||spa||
020 _a84-320-0388-3
082 _a818.9/Y51
100 _a"Yerby, Frank"
245 0 _aMientras la ciudad duerme
942 _cLIB
999 _c35923
_d35923